The Court of Appeal Criminal Appeal No. 26/97 Matovu Patrick Vs Uganda. (Record no. 3040)
[ view plain ]
| 000 -LEADER | |
|---|---|
| fixed length control field | 00725nam a22001217a 4500 |
| 008 - FIXED-LENGTH DATA ELEMENTS--GENERAL INFORMATION | |
| fixed length control field | 110615t xxu||||| |||| 00| 0 eng d |
| 010 ## - LIBRARY OF CONGRESS CONTROL NUMBER | |
| LC control number | CACAF41 |
| 245 ## - TITLE STATEMENT | |
| Title | The Court of Appeal Criminal Appeal No. 26/97 Matovu Patrick Vs Uganda. |
| 260 ## - PUBLICATION, DISTRIBUTION, ETC. (IMPRINT) | |
| Date of publication, distribution, etc | 1997 |
| 500 ## - GENERAL NOTE | |
| General note | Coram: Hon. Mr. Justice S.T. Manyindo, D.C. J,<br/> Hon. Mr. Justice G.M. Okello, J.A &<br/> Hon. Lady Justice C.N.B. Kitumba,J.A. |
| 500 ## - GENERAL NOTE | |
| General note | Appeal arising from conviction and sentence by the High Court of Uganda sitting at Mbarara (by the Hon. Justice A.N. Karokora, J, as he then was) dated 4th December, 1995, in Cr. Session Case No. 181/94. |
| Withdrawn status | Lost status | Source of classification or shelving scheme | Damaged status | Koha normalized classification for sorting | Not for loan | Location (home branch) | Sublocation or collection (holding branch) | Shelving location | Date acquired | Koha issues (times borrowed) | Koha full call number | Piece designation (barcode) | Koha date last seen | Price effective from | Koha item type |
|---|---|---|---|---|---|---|---|---|---|---|---|---|---|---|---|
| Dewey Decimal Classification | CACAF_41 | Law Development Centre Main Library | Law Development Centre Main Library | Law Reports | 06/15/2011 | CACAF41 | 26/1997/1 | 06/15/2011 | 06/15/2011 | Un Reported Cases |
